000 00444nam a2200181Ia 4500
008 131103s9999 xx 000 0 und d
020 _a586059369
040 _aLoreto College
041 _aEnglish
082 _aF/TRE
_bLCLIB/28581
100 _aTrevanian
245 4 _aThe Summer of Katya
_cTrevanian
260 _aLondon
_bGranada
_c1983
300 _a223 p.
_c 18 cm.
650 _aFiction in English
850 _aLCLIB
942 _cBK
999 _c14187
_d64666